[Event "AUS-ch U12"]
[Site "Adelaide"]
[Date "2003.01.24"]
[Round "11"]
[White "Zhigen, Lin"]
[Black "Nguyen, Andrew"]
[Result "1-0"]
[WhiteElo "850"]
[BlackElo "983"]
[PlyCount "109"]
[EventDate "2003.01.??"]
[EventType "swiss"]
[EventRounds "11"]
[EventCountry "AUS"]
[SourceTitle "EXT 2006"]
[Source "ChessBase"]
[SourceDate "2005.11.24"]
[SourceVersion "1"]
[SourceVersionDate "2005.11.24"]
[SourceQuality "1"]

1. c4 e6 2. d4 d5 3. Nc3 Nf6 4. Bg5 Be7 5. e3 0-0 6. Nf3 Nbd7 7. Rc1 h6 8. Bh4 b6 9. cxd5 exd5 10. Bd3 Bb7 11. 0-0 c5 12. Na4 c4 13. Bf5 b5 14. Nc3 b4 15. Ne2 Nb6 16. Bxf6 Bxf6 17. Qd2 a5 18. a3 Qd6 19. axb4 axb4 20. Ra1 Na4 21. Ra2 Nb6 22. Rfa1 Be7 23. Ne5 Qf6 24. Ng3 h5 25. Bh3 g6 26. f4 b3 27. Ra7 Qd6 28. f5 Kg7 29. Qc1 Rxa7 30. Rxa7 Rb8 31. Qb1 Bg5 32. Kf2 Qf6 33. Ke2 h4 34. Nf1 gxf5 35. Bxf5 Qd8 36. Bg6 Qf6 37. Bxf7 Nc8 38. Ra5 Ba6 39. Qg6+ Qxg6 40. Bxg6 c3+ 41. Rxa6 c2 42. Rc6 Ne7 43. Rc7 Kf6 44. Bd3 Rc8 45. Rxc8 Nxc8 46. Kd2 Nb6 47. Nc6 Na4 48. Na5 Nxb2 49. Nxb3 c1Q+ 50. Nxc1 Nxd3 51. Nxd3 Kf5 52. Ke2 Ke4 53. Nd2+ Kf5 54. g3 hxg3 55. hxg3 1-0

[Event "AUS-ch U12"]
[Site "Adelaide"]
[Date "2003.01.23"]
[Round "10"]
[White "Illingworth, Max"]
[Black "Zhigen, Lin"]
[Result "1-0"]
[WhiteElo "1295"]
[BlackElo "850"]
[PlyCount "83"]
[EventDate "2003.01.??"]
[EventType "swiss"]
[EventRounds "11"]
[EventCountry "AUS"]
[SourceTitle "EXT 2006"]
[Source "ChessBase"]
[SourceDate "2005.11.24"]
[SourceVersion "1"]
[SourceVersionDate "2005.11.24"]
[SourceQuality "1"]

1. d4 Nf6 2. c4 g6 3. Nc3 Bg7 4. e4 d6 5. f3 Nc6 6. Be3 Rb8 7. Nge2 e5 8. d5 Ne7 9. Bxa7 Ra8 10. Be3 Nd7 11. Qd2 Nb6 12. b3 f5 13. 0-0-0 f4 14. Bf2 g5 15. Kb1 h5 16. Nc1 g4 17. Nd3 h4 18. Rc1 Kf7 19. Ka1 g3 20. Bg1 c6 21. c5 dxc5 22. dxc6 Nxc6 23. Bxc5 Nd4 24. Kb1 Be6 25. Bxd4 Qxd4 26. Nb5 Qd8 27. Rc7+ Kg6 28. Rxb7 Bc8 29. Rc7 Bd7 30. Rc5 Re8 31. Nc7 Bf8 32. Nxa8 Bxc5 33. Nxc5 Qxa8 34. Nxd7 Rd8 35. Nxb6 Qxe4+ 36. fxe4 Rxd2 37. Nc4 Rf2 38. Nxe5+ Kg7 39. Nf3 gxh2 40. Nxh4 Kf6 41. Bc4 Ke5 42. Bd5 1-0

[Event "AUS-ch U12"]
[Site "Adelaide"]
[Date "2003.01.21"]
[Round "9"]
[White "Zhigen, Lin"]
[Black "Harris, Benjamin"]
[Result "1/2-1/2"]
[WhiteElo "850"]
[BlackElo "1197"]
[PlyCount "55"]
[EventDate "2003.01.??"]
[EventType "swiss"]
[EventRounds "11"]
[EventCountry "AUS"]
[SourceTitle "EXT 2006"]
[Source "ChessBase"]
[SourceDate "2005.11.24"]
[SourceVersion "1"]
[SourceVersionDate "2005.11.24"]
[SourceQuality "1"]

1. d4 Nf6 2. c4 e6 3. Nc3 d5 4. Bg5 Be7 5. e3 0-0 6. Nf3 b6 7. cxd5 exd5 8. Bd3 Bb7 9. 0-0 Nbd7 10. Rc1 c5 11. Bf5 h6 12. Bh4 a6 13. Re1 Ne4 14. Bxe7 Qxe7 15. Bxd7 Nxc3 16. Rxc3 Qxd7 17. dxc5 bxc5 18. Rxc5 Qd6 19. Qd4 Rac8 20. Rec1 Rxc5 21. Rxc5 Re8 22. Rc3 Re4 23. Qa7 Rb4 24. Rc2 Qg6 25. Qb8+ Kh7 26. Qc7 Rc4 27. Rxc4 dxc4 28. Ne1 1/2-1/2